Statistics for FIFA 17 Premier League Top 10 Goalkeepers

Click here to take the quiz!

General Stats

  • This quiz has been taken 314 times
  • The average score is 6 of 10

Answer Stats

RankPlayerOVA% Correct
1David De Gea90
95%
2Thibaut Courtois89
87%
3Hugo Lloris88
83%
4Petr Cech88
82%
5Claudio Bravo85
67%
8Loris Karius82
52%
9Jack Butland82
51%
7Asmir Begovic83
43%
6Steve Mandanda85
35%
10Victor Valdés82
27%

Score Distribution

Percentile by Number Answered

Percent of People with Each Score

Your Score History

You have not taken this quiz